| 000 | 00750nam a22001937a 4500 | ||
|---|---|---|---|
| 003 | OSt | ||
| 005 | 20260120031540.0 | ||
| 008 | 260120b |||||||| |||| 00| 0 eng d | ||
| 040 |
_aDWCL-Main lib _cOC |
||
| 082 | _aFil. 338.9 D489 2006 | ||
| 100 | _aIlago, Simeon Augustin | ||
| 245 |
_aDeveloping community capacities for pro-poor budgeting and local government accountability for poverty reduction : _blocalized anti poverty program II _cIlago, Simeon Augustin |
||
| 260 |
_aQuezon City : _bCaucus of Development NGO Networks _cc2006. |
||
| 300 |
_axvi, 255 pages : _billustration ; _c25 cm. |
||
| 650 | _21. Community Development. | ||
| 650 | _22. Domestic economic assistance. | ||
| 700 | _aEdsen-Lopos, Bootes | ||
| 942 |
_2ddc _cBK - FIL _kFil. _n0 |
||
| 999 |
_c7568 _d7568 |
||